000 00437nam a2200133Ia 4500
008 220217s9999||||xx |||||||||||||| ||und||
020 _a81-317-0688-5
082 _a621.384 5 RAM
100 _aRam Murthy, Siva, C and Manoj, B. S
_95554
245 0 _aAd hoc wireless networks architectures and protocols
260 _aPearson education asia
_bNew Delhi
_c2008
300 _aXXII,884p.;28cm
_b625
650 _aWIRELESS COMMUNICATION
999 _c176567
_d176567